| 000 | 01266nam a22002417a 4500 | ||
|---|---|---|---|
| 003 | NALT | ||
| 005 | 20220223110405.0 | ||
| 008 | s2531 th tha d | ||
| 040 | _aNALT | ||
| 041 | _atha | ||
| 050 |
_aPN 4784.P64 _bจ157บ 2531 |
||
| 100 | 0 |
_aจรัล มานตรี _957151 |
|
| 245 | 1 | 0 |
_aบทบาทหน้าที่ของหนังสือพิมพ์กับการเลือกตั้งปี 2531 / _cจรัล มานตรี. |
| 260 |
_aกรุงเทพฯ : _bคณะวารสารและสื่อสารมวลชน มหาวิทยาลัยธรรมศาสตร์, _c2531 |
||
| 300 |
_a59 หน้า ; _c30 ซม. |
||
| 650 | 0 | 4 | _aหนังสือพิมพ์ -- การสื่อข่าวและการเขียนข่าว -- วิจัย |
| 650 | 0 | 4 | _aข่าวการเมือง -- วิจัย |
| 650 | 0 | 4 | _aหนังสือพิมพ์ -- บทบาท |
| 650 | 0 | 4 | _aการเลือกตั้ง -- 2531 -- ข่าว -- วิจัย |
| 650 | 0 | 4 | _aหนังสือพิมพ์กับการเมือง -- วิจัย |
| 850 | _aNALT | ||
| 942 |
_cRSH _2lcc |
||
| 999 |
_c46696 _d46696 |
||
| 998 |
_j109 _k อารีรัตน์ วิชาช่าง |
||